书目信息 |
| 题名: |
毛泽东书信选集
|
|
| 作者: | 毛泽东 著 ;中共中央文献研究室 编 | |
| 分册: | ||
| 出版信息: | 北京 人民出版社 1983 |
|
| 页数: | 612页 | |
| 开本: | 21cm | |
| 丛书名: | ||
| 单 册: | ||
| 中图分类: | A43 | |
| 科图分类: | ||
| 主题词: | 毛泽东著作--书信集 | |
| 电子资源: | ||
| ISBN: | ||
| 000 | 00678nam0 2200229 45 | |
| 001 | 0183005841 | |
| 005 | 20070727084751.15 | |
| 010 | @dCNY1.85 | |
| 091 | @a1001.1243 | |
| 100 | @a19950408d1983 emky0chiy0121 ea | |
| 101 | 0 | @achi |
| 102 | @aCN@b110000 | |
| 105 | @af z 000ey | |
| 200 | 10 | @a毛泽东书信选集@Amao ze dong shu xin xuan ji@f毛泽东著@FMao Ze Dong Zhu@g中共中央文献研究室编 |
| 210 | @a北京@c人民出版社@d1983 | |
| 215 | @a612页@c照片@d21cm | |
| 606 | @a毛泽东著作@x书信集 | |
| 690 | @aA43@v3 | |
| 701 | 0 | @a毛泽东@4著 |
| 712 | 02 | @a中共中央文献研究室@Azhong gong zhong yang wen xian yan jiu shi@4编 |
| 801 | @aCN@bTSTC@c20070727 | |
| 905 | @dA43@e5@f1@b237246 | |
| 毛泽东书信选集/毛泽东著/中共中央文献研究室编.-北京:人民出版社,1983 |
| 612页:照片;21cm |
| ISBN :CNY1.85 |
| ● |
| 相关链接 |
|
|
|
|
正题名:毛泽东书信选集
索取号:A43/5
 
预约/预借
| 序号 | 登录号 | 条形码 | 馆藏地/架位号 | 状态 | 备注 |
| 1 | 0095791 | 000953720 | 第一样本阅览室/ [索取号:A43/5] | 在馆 | |
| 2 | 0177508 | 000953766 | 第一借阅区/ [索取号:A43/5] | 在馆 | |
| 3 | 0237246 | 001979826 | 第一借阅区/ [索取号:A43/5] | 在馆 | |
| 4 | 0237247 | 001659743 | 密集书库/ [索取号:A43/5] | 在馆 | |
| 5 | 0237248 | 001659734 | 密集书库/ [索取号:A43/5] | 在馆 | |
| 6 | 0237249 | 001865716 | 密集书库/ [索取号:A43/5] | 在馆 | |
| 7 | 0237250 | 000953597 | 第一借阅区/ [索取号:A43/5] | 在馆 | |
| 8 | 0783920 | 207839204 | 密集书库/ [索取号:A43/5] | 在馆 |